Conversation with Jorge Luis Borges
Guardat en:
| Autor principal: | |
|---|---|
| Format: | Llibre |
| Idioma: | Undetermined |
| Publicat: |
New York, Estados Unidos
Avon Books
1970
|
| Matèries: | |
| Etiquetes: |
Afegir etiqueta
Sense etiquetes, Sigues el primer a etiquetar aquest registre!
|
MARC
| LEADER | 00000nam a2200000Ia 4500 | ||
|---|---|---|---|
| 008 | 170316s9999 xx 000 0 und d | ||
| 040 | |a cru BVZT | ||
| 090 | |a 860 B-38c | ||
| 100 | |a Burgin, Richard |9 1308 | ||
| 245 | |a Conversation with Jorge Luis Borges |c / Richard Burgin | ||
| 260 | |a New York, Estados Unidos |b Avon Books |c 1970 | ||
| 300 | |a 157 páginas | ||
| 650 | |a LITERATURA LATINOAMERICANA |9 15 | ||
| 999 | |c 8463 |d 8463 | ||
| 942 | |c 15 D |h 860 B-38c |2 z | ||
